| 000 | 00433nam a2200157 i 4500 | ||
|---|---|---|---|
| 001 | 56594 | ||
| 003 | ES-MaACL | ||
| 005 | 20230906163416.0 | ||
| 007 | t| | ||
| 008 | 031010s1914 fr ||||1| fre d | ||
| 100 | 1 |
_aDimier, Louis. _944823 |
|
| 245 | 1 | 2 |
_aL'action liberale dans elections / _cLouis Dimier. |
| 260 |
_a[S.l. : _bs.n., _c1914] ( _eMayenne : _fCharles Colin) |
||
| 300 |
_a310 p. ; _c19 cm. |
||
| 852 |
_aES-MaACL _jF-9020 |
||
| 999 |
_c56594 _d56594 |
||